Základy strojníctva

Bibliographic Details
Main Author: Pažák, Alojz, 1926-2015 (Author)
Format: Book
Language:Slovak
PhysicalDescription:373 s. grafy, sch., tab. 29 cm
Published: Bratislava Alfa 1979
Edition:4. vyd.
Series:Dočasná vysokoškolská učebnica
Subjects:

MARC

LEADER 00000cam a2200000 a 4500
001 vtls001114772
003 SK-MaSNL
005 20260301062706.0
008 250313s1979 xo da e n 000 0 slo
015 |a SNBA1979 
035 |a SNK000057615 
035 |a urn:nbn:sk:snk-amlau5 
035 |a urn:nbn:sk:snk-am0092se 
035 |a D6F60BDA-C6D1-410A-8F12-180DF259BBEE 
040 |a SNK  |b slo  |c SNK  |e AACR2 
041 0 |a slo 
044 |a xo  |c SK 
080 |a 62-2:744.44(075.8)  |2 1981 
080 |a 744.44(075.8)  |2 1981 
080 |a 744.44  |2 1981 
080 |a 62-2(075.8)  |2 1981 
080 |a 621.88  |2 1981 
100 1 |a Pažák, Alojz,  |d 1926-2015  |4 aut  |9 221961 
245 1 0 |a Základy strojníctva  |c Alojz Pažák 
250 |a 4. vyd. 
260 |a Bratislava  |b Alfa  |c 1979 
300 |a 373 s.  |b grafy, sch., tab.  |c 29 cm 
366 |e 3200 výt. 
490 1 |a Dočasná vysokoškolská učebnica 
500 |a Vydané pre VŠT v Košiciach 
504 |a Bibliogr. odkazy 
650 0 7 |a strojníctvo  |2 SNKPH  |9 29325 
650 0 7 |a technické kreslenie  |2 SNKPH  |9 3080 
655 7 |a učebnice vysokých škôl  |2 SNKPH  |9 70191 
810 2 |a Vysoká škola technická v Košiciach  |t Dočasné vysokoškolské učebnice  |9 228286 
830 0 |a Dočasná vysokoškolská učebnica  |9 279156 
852 |a Slovenská národná knižnica 
958 |a OND 
958 |a NB 
958 |a TL 
958 |a UV 
999 |c 621521  |d 623451 
952 |a SNK  |b SNK  |y PREZ  |7 0  |p 17A0972074  |o snkSB 28441  |i snkKSP 4895/79  |0 0  |1 0  |4 0  |d 2012-07-30  |f 1  |l 0  |r 2026-02-23 16:58:01  |w 2026-02-23 
952 |t P60, <04>, [BOOK], {604}  |a SNK  |b SNK  |y VYP  |7 0  |p 17A0065560  |o snkSB 28441 D1  |i snkKSP 4896/79  |0 0  |1 0  |4 0  |d 1997-05-13  |l 0  |r 2004-12-31 00:00:00  |w 2026-02-23